[Event "Sardegna Regional-ch"]
[Site "Cagliari"]
[Date "2015.06.02"]
[Round "6"]
[White "Carta, Francesco"]
[Black "Sollai, Matteo"]
[Result "0-1"]
[WhiteElo "1664"]
[BlackElo "1750"]
[PlyCount "80"]
[EventDate "2015.05.30"]
[EventType "swiss"]
[EventRounds "6"]
[EventCountry "ITA"]
[SourceTitle "EXT 2017"]
[Source "ChessBase"]
[SourceDate "2016.10.25"]
[SourceVersion "1"]
[SourceVersionDate "2016.10.25"]
[SourceQuality "1"]

1. e4 e5 2. Nf3 Nc6 3. Bc4 Nf6 4. Nc3 Nxe4 5. Nxe4 d5 6. Bxd5 Qxd5 7. Nc3 Qd6 8. h3 Bf5 9. d3 0-0-0 10. 0-0 f6 11. Be3 g5 12. Nd2 h5 13. Nde4 Qe6 14. Qe2 Nd4 15. Bxd4 exd4 16. Nb5 a6 17. Na3 h4 18. f3 Bg6 19. Rfe1 Re8 20. Qf2 Bb4 21. c3 dxc3 22. Nxc3 Qb6 23. Qxb6 cxb6 24. Nc2 Bxc3 25. bxc3 Bxd3 26. Ne3 Re6 27. Nd5 Rhe8 28. Rxe6 Rxe6 29. Nb4 Bc4 30. a3 Re2 31. Rc1 Kc7 32. Rc2 Kd6 33. Rxe2 Bxe2 34. Kf2 Bc4 35. Nc2 Kc5 36. Ne3 b5 37. Ke1 a5 38. Kd2 b4 39. cxb4+ axb4 40. a4 Bb3 0-1

[Event "Torre delle Stelle op 1st"]
[Site "Sinnai"]
[Date "2011.06.26"]
[Round "7"]
[White "Sollai, Matteo"]
[Black "Deruda, Leonardo"]
[Result "1/2-1/2"]
[WhiteElo "1805"]
[BlackElo "1930"]
[PlyCount "97"]
[EventDate "2011.06.22"]
[EventType "swiss"]
[EventRounds "7"]
[EventCountry "ITA"]
[SourceTitle "EXT 2023"]
[Source "ChessBase"]
[SourceDate "2022.10.05"]
[SourceVersion "1"]
[SourceVersionDate "2022.10.05"]
[SourceQuality "1"]

1. e4 c5 2. b4 cxb4 3. a3 bxa3 4. Nxa3 d6 5. d4 Nc6 6. Nf3 Nf6 7. Bd3 g6 8. 0-0 Bg7 9. h3 0-0 10. c3 a6 11. Bg5 h6 12. Be3 Qc7 13. Qd2 Kh7 14. Nh4 e5 15. f4 exf4 16. Bxf4 Nh5 17. Be3 b5 18. Nxb5 Qe7 19. Qf2 Bxh3 20. gxh3 axb5 21. Rxa8 Rxa8 22. Nf5 Qf6 23. Nxg7 Qxf2+ 24. Bxf2 Nf4 25. Bxb5 Na7 26. Bd7 Rd8 27. Bg4 Kxg7 28. Bh4 g5 29. Rxf4 gxh4 30. Bh5 f6 31. e5 dxe5 32. dxe5 Rf8 33. e6 Nc8 34. Rc4 f5 35. Rc7+ Kf6 36. Rf7+ Rxf7 37. exf7 Ke7 38. Kf2 Nd6 39. Ke3 Nxf7 40. Bxf7 Kxf7 41. Kf4 Kf6 42. c4 Ke6 43. c5 Kd5 44. Kxf5 Kxc5 45. Kg4 Kd6 46. Kxh4 Ke6 47. Kh5 Kf7 48. Kxh6 Kg8 49. h4 1/2-1/2